00422aas a2200109 4500008004100000022001300041245008100054260011900135300001500254650001600269650002700285240225b |||||||| |||| 00| 0 eng d a07426763 aThe American journal of Islamic social sciences-Vol. 11, no. 4 (Winter 1994) aHerndon, (USA) : bThe Association of Muslim social scientists : International institute of Islamic thought,c1994 b475-626 p. aPeriodicals aMuslims -- Periodicals